| 000 | 00643cab a2200229 4500 | ||
|---|---|---|---|
| 001 | WB2907-65 | ||
| 008 | 090401t1993 xxu||||| |||| 00| 0 eng d | ||
| 035 | _a(Sirsi) u54794 | ||
| 041 | _aeng | ||
| 245 | _aCouncil tax row brewing | ||
| 260 | _c1993 | ||
| 350 | _a0 | ||
| 490 |
_aFarmers' Weekly _v12 February 1993, 13(1) |
||
| 520 | _aCriticises Government guidance for valuing farmhouses for council tax purposes. Outlines the appeals procedure. | ||
| 650 | _aAPPEALS PROCEDURE | ||
| 650 | _aCOUNCIL TAX | ||
| 650 | _aFARMHOUSES | ||
| 650 | _aVALUATIONS | ||
| 690 | _aRATING AND VALUATION | ||
| 942 | _n0 | ||
| 948 | _c04/03/1997 | ||
| 999 |
_c33583 _d33583 |
||